[Event "CAN-ch U12 Girls"]
[Site "Ottawa"]
[Date "2013.07.11"]
[Round "3"]
[White "Ellwood, Sophie"]
[Black "Xu, Allyson"]
[Result "0-1"]
[WhiteElo "977"]
[BlackElo "974"]
[PlyCount "116"]
[EventDate "2013.07.10"]
[EventType "swiss"]
[EventRounds "6"]
[EventCountry "CAN"]
[SourceTitle "EXT 2022"]
[Source "ChessBase"]
[SourceDate "2021.10.06"]
[SourceVersion "1"]
[SourceVersionDate "2021.10.06"]
[SourceQuality "1"]

1. e4 e5 2. Nf3 Nc6 3. d4 d6 4. dxe5 dxe5 5. Qxd8+ Kxd8 6. Bc4 Be6 7. Bxe6 fxe6 8. 0-0 Bd6 9. Bg5+ Nf6 10. Nbd2 Kd7 11. Bxf6 gxf6 12. Nc4 Be7 13. Rfd1+ Ke8 14. c3 Rd8 15. Rxd8+ Bxd8 16. Rd1 b5 17. Ne3 Rf8 18. Ng4 h5 19. Ne3 f5 20. exf5 exf5 21. Nh4 Bxh4 22. g3 Bg5 23. Nd5 Rf7 24. Re1 Kf8 25. h4 Bd8 26. Nb4 Nxb4 27. cxb4 Bf6 28. Rd1 e4 29. b3 Bc3 30. a3 Re7 31. Rd5 Re5 32. Rxe5 Bxe5 33. Kf1 a6 34. Ke2 Kf7 35. a4 Bc3 36. axb5 axb5 37. f3 exf3+ 38. Kxf3 Bxb4 39. Ke3 Kg6 40. Kd4 Be1 41. Kc5 b4 42. Kb5 Kf6 43. Kc5 Ke5 44. Kc6 Kd4 45. Kxc7 Bxg3+ 46. Kd7 Bxh4 47. Ke6 f4 48. Kf5 f3 49. Kg6 f2 50. Kxh5 f1Q 51. Kxh4 Qg2 52. Kh5 Kc3 53. Kh6 Kxb3 54. Kh7 Kc2 55. Kh8 b3 56. Kh7 b2 57. Kh6 b1R 58. Kh5 Rh1# 0-1